| 000 | 00533nam a22002057a 4500 | ||
|---|---|---|---|
| 003 | OSt | ||
| 005 | 20161114140927.0 | ||
| 008 | 161114b xxu||||| |||| 00| 0 eng d | ||
| 020 | _a9780471887027 | ||
| 040 | _cDDC. | ||
| 082 | _a530MER 1998. | ||
| 100 |
_aMerzbacher,Eugen; _911290 |
||
| 245 | _aQuantum Mechanics. | ||
| 250 | _a3rd ed. | ||
| 260 |
_aNew jersey; _bJohn Wiley and sons; _c1998. |
||
| 300 |
_axvi,656p; _bill: _c25cm. |
||
| 504 | _aIncludes references and index. | ||
| 650 |
_aPhysics, _9809 |
||
| 942 |
_2ddc _cO_SHELF |
||
| 999 |
_c5399 _d5399 |
||